23 Ways Not to Take a 'Pill' Quiz Stats

 Plays Quiz Updated May 18, 2018

Challenge
Share
Tweet
Embed
Score 0/23 Timer 02:00
26 Plays Today
% Correct
Bill
98.5%
Mill
98.2%
Dill
98.1%
Fill
98%
Sill
97.8%
Kill
97.8%
Till
97.7%
Hill
97.6%
Will
97.4%
Gill
97.1%
Pall
95.9%
Nill
95.8%
% Correct
Pull
95.5%
Jill
95.4%
Poll
95.3%
Rill
94.6%
Vill
92.6%
Zill
92.6%
Yill
90.7%
Pile
87.8%
Pily
70.2%
Pial
67.6%
Pili
67.1%

You're not logged in!

Compare scores with friends on all Sporcle quizzes.
OR
Log In

You Might Also Like...

Show Comments

Extras

Top Quizzes Today


Score Distribution

Your Account Isn't Verified!

In order to create a playlist on Sporcle, you need to verify the email address you used during registration. Go to your Sporcle Settings to finish the process.

Report this User

Report this user for behavior that violates our Community Guidelines.

Details: